Negotiating national identities (Record no. 115230)
[ view plain ]
| 000 -LEADER | |
|---|---|
| fixed length control field | 02257nam a2200457 a 4500 |
| 082 04 - DEWEY DECIMAL CLASSIFICATION NUMBER | |
| Classification number | 320.54094 |
| 100 1# - MAIN ENTRY--AUTHOR NAME | |
| Personal name | Karner, Christian. |
| 245 10 - TITLE STATEMENT | |
| Title | Negotiating national identities |
| 260 ## - PUBLICATION, DISTRIBUTION, ETC. (IMPRINT) | |
| Place of publication | Farnham, Surrey, U.K. ; |
| -- | Burlington, Vt. : |
| Name of publisher | Ashgate, |
| Year of publication | c2011. |
| 300 ## - PHYSICAL DESCRIPTION | |
| Number of Pages | 274 p. |
| 490 1# - SERIES STATEMENT | |
| Series statement | Research in migration and ethnic relations series |
| 505 0# - FORMATTED CONTENTS NOTE | |
| Formatted contents note | Paradigms of identity -- National symbols and histories in crisis -- The past, the present, nation-states and Europe -- Markets and nations : of flows and solidarities -- Counter-hegemony : universal human rights versus exclusive citizen entitlements -- Everyday politics : self-other relationships and lived ambivalences -- "The other" : representations of and by. |
| 650 #0 - SUBJECT ADDED ENTRY--TOPICAL TERM | |
| Topical Term | National characteristics, European. |
| Topical Term | Nationalism |
| Topical Term | Group identity |
| Topical Term | Identity (Psychology) |
| Topical Term | Globalization |
| Topical Term | National characteristics, Austrian. |
| Topical Term | Nationalism |
| Topical Term | Group identity |
| Topical Term | Identity (Psychology) |
| Topical Term | Globalization |
| 856 40 - ELECTRONIC LOCATION AND ACCESS | |
| Uniform Resource Identifier | http://site.ebrary.com/lib/rucke/Doc?id=10470870 |
No items available.
